01069 2200277 4500001002100000005001500021035002000036007000300056008004100059020002200100082001300122084002200135100002700157245006100184250002600245300003800271650002000309700002600329520030400355264002600659336002100685337003000706338002300736990001600759990001600775INLIS00000000116455920240906021206 a0010-0924000011ta240906 g f ind  a978-623-09-9976-5 a899.2213 aSR 899.2213 ANI r0 aAnita Firdausepenulis1 aRisol mas Marvel /cAnita Firdaus; penyunting, Aninda WB aCetakan pertama, 2024 a336 halaman :bilustrasi ;c19 cm 4aFiksi Indonesia0 aAninda WBepenyunting aMarvel yang merupakan pedagang risol yang selalu menjajakan dagangannya dengan penuh trik marketing walau harganya kadang terdengar tak masuk akal. Ia bertemu dengan seorang perempuan bernama Mala yang juga berjualan sosis solo, membuatnya menjadikan Mala sebagai saingan ketat dalam perdagangannya. aDepok :bSkuad,c2024 2rdacontentateks 2rdamediaatanpa perantara 2rdacarrieravolume a54520.67340 a54521.67341